Statistics for Countries That Start With The Same Three Letters (with prompts)

Click here to take the quiz!

General Stats

  • This quiz has been taken 1,070 times
  • The average score is 43 of 53

Answer Stats

country% Correct
Australia
99%
Austria
99%
Iran
97%
Iraq
97%
Niger
97%
Nigeria
96%
Dominica
95%
India
95%
Norway
95%
Bahrain
94%
Slovakia
94%
China
93%
Slovenia
93%
Turkey
93%
Dominican
Republic
92%
Indonesia
92%
Belgium
91%
Liberia
91%
Libya
91%
Guinea
90%
Chile
89%
Cambodia
88%
Cameroon
88%
Belarus
86%
Greece
86%
South Korea
85%
Mauritania
83%
Turkmenistan
83%
Guinea-Bissau
82%
United States
82%
Bahamas
81%
Mauritius
81%
Mali
80%
South Africa
79%
South Sudan
79%
United Kingdom
78%
Grenada
75%
North Korea
75%
Burundi
74%
United Arab Emirates
74%
Monaco
72%
Mongolia
72%
Montenegro
72%
Malaysia
70%
Maldives
69%
Malawi
68%
Belize
66%
North Macedonia
61%
Burkina Faso
60%
Malta
60%
Saint Lucia
54%
Saint Kitts and Nevis
53%
Saint Vincent
and the Grenadines
53%

Score Distribution

Percentile by Number Answered

Percent of People with Each Score

Your Score History

You have not taken this quiz